An introduction to genetic algorithms for scientists and engineers

Αποθηκεύτηκε σε:
Λεπτομέρειες βιβλιογραφικής εγγραφής
Κύριος συγγραφέας: Coley, David A.
Μορφή: Βιβλίο
Γλώσσα:English
Δημοσίευση: Singapore : World Scientific, 2005, c1999
Θέματα:
Ετικέτες: Προσθήκη ετικέτας
Δεν υπάρχουν, Καταχωρήστε ετικέτα πρώτοι!

MARC

LEADER 00000nam a2200000 i 4500
001 1/69491
008 080108r20051999 eng d
020 |a 981-02-3602-6 
035 |l 10093428 
040 |a GR-MY-UA  |b gre  |e aacr 
041 0 |a eng 
082 0 |a 006.31  |2 (22) 
100 1 |a Coley, David A. 
245 1 3 |a An introduction to genetic algorithms for scientists and engineers /  |c David A. Coley 
260 |a Singapore :   |b World Scientific,   |c 2005, c1999 
300 |a xvi, 227 σ.;  |b διαγρ., σχέδια;  |c 23 εκ.+  |e 1 δισκέτα Η/Υ (3 1/2 ίν.) 
504 |a Περιλαμβάνει βιβλιογραφικές παραπομπές και ευρετήριο 
650 0 0 |a Genetic algorithms. 
650 0 0 |a Genetic programming (Computer science) 
852 |a INST  |b CHIOS  |e 20080108  |h 006.31 COL  |p 005200027989  |q 005200027989  |t BK  |y 0 
852 |a INST  |b CHIOS  |e 20080108  |h 006.31 COL   |p 005200028511  |q 005200028511  |t BK  |y 0 
901 |a BIBL2-2008-1 
909 |a Χ  |b 142474 
909 |a Χ  |b 131650 
922 |a 2ΕΛΗ  |b 200712  |c ΕΠΕΑΕΚ2/ΤΜΟΔ  |d ΕΛΕΥΘΕΡΟΥΔΑΚΗΣ 
970 |a ΒΑΣΙΛΑΚΗ  |b ΝΙΚΗ  |z 2008/01/08